000 00271nam a2200133Ia 4500
100 _aSmith/R.E
942 _cBK
654 _aBasic
245 _aDiscovering Basic
260 _bHayden Book Co.
_aNew Jersey
_c1970
082 _a1.6
300 _a164
546 _aENGLISH
999 _c25448
_d25448